| 000 | 00796nam a22002177a 4500 | ||
|---|---|---|---|
| 999 |
_c20343 _d20343 |
||
| 003 | AR-CdUCM | ||
| 008 | 190507b ||||| |||| 00| 0 spa d | ||
| 040 |
_aMUNICIPALIDAD PROVINCIAL DEL CUSCO _cBIBLIOTECA MUNICIPAL DEL CUSCO |
||
| 082 |
_a341.2 / _bG68 |
||
| 100 |
_aGómez Robledo, Antonio _937173 |
||
| 245 | _aMeditación sobre la justicia / | ||
| 260 |
_aMéxico : _bFondo de cultura económica ; _c1963. |
||
| 300 |
_a208 páginas, _b24 cm. |
||
| 440 |
_aCentro de estudios filosóficos _942544 |
||
| 505 | _aContenido : Planteamiento del problema -- La justicia de platón -- La justicia de Aristoteles -- Ciceron y los estoicos... | ||
| 650 |
_aAnalisis sobre justicia _942545 |
||
| 650 |
_aPlatón _917186 |
||
| 650 |
_aAristóteles _939763 |
||
| 942 |
_2ddc _cLIBROS |
||
| 945 | _arcc | ||